(Maithili) Maithili Ramayan (Record no. 363950)

MARC details
000 -LEADER
fixed length control field 003400000a22001450004500
005 - DATE AND TIME OF LATEST TRANSACTION
control field 20120302065124.0
040 ## - CATALOGING SOURCE
Original cataloging agency M&H
100 ## - MAIN ENTRY--PERSONAL NAME
Personal name Jha, Kavishwar Shree Chanda
245 ## - TITLE STATEMENT
Title (Maithili) Maithili Ramayan
260 ## - PUBLICATION, DISTRIBUTION, ETC. (IMPRINT)
Place of publication, distribution, etc Lakhnau:Bhuvan Vani Trust, 1986-87
300 ## - PHYSICAL DESCRIPTION
Extent 600p..-ill
365 ## - TRADE PRICE
Price amount 60/-
650 ## - SUBJECT ADDED ENTRY--TOPICAL TERM
Topical term or geographic name as entry element Ramayan
942 ## - ADDED ENTRY ELEMENTS (KOHA)
Koha item type Book
Holdings
Withdrawn status Lost status Damaged status Not for loan Home library Current library Date acquired Total Checkouts Barcode Date last seen Price effective from
        Institute For Oriental Study, Thane Institute For Oriental Study, Thane 12/02/2009   IOS-MH 25005 12/02/2009 12/02/2009